000 00431nam a2200181Ia 4500
003 STCL
008 230726s9999 xx 000 0 und d
020 _a9780143459323
040 _aSTCL
_cSTCL
_bEN
082 _222
100 _aGubbi, Sanjay
245 0 _aLeopard diaries: the rosette in India
260 _bPenguin Books
_aHaryana
_c2022
300 _a239 p
365 _b499
546 _aEnglish
942 _2DDC
_e22
_cBKDDC
999 _c89380
_d89380